000 00230 a2200097 4500
001 45651
100 _aDante A
245 _aThe divine comedy of donate almightier
260 _aChicago
_bWilliam Benton
_c
090 _c28828
_d28828
942 _aNUST-CAE
_cM
_c20922
999 _c280724
_d280724